[Event "XIV Weekend A"]
[Site "Ivrea ITA"]
[Date "2010.03.20"]
[Round "3"]
[White "Combina, Alberto"]
[Black "Agostino, Pietro"]
[Result "1-0"]
[WhiteElo "1542"]
[BlackElo "1576"]
[PlyCount "56"]
[EventDate "2010.03.19"]

1. d4 d5 2. Bf4 Nf6 3. e3 e6 4. Nf3 c5 5. c3 c4 6. Nbd2 Bd6 7. Bg3 Bxg3 8. hxg3
Bd7 9. Qe2 Nc6 10. e4 Qe7 11. Ng5 h6 12. e5 Nh7 13. Nxh7 Rxh7 14. f4 Rh8 15. g4
O-O-O 16. Qf2 Rdf8 17. Bxc4 dxc4 18. Nxc4 Kc7 19. Qe2 f6 20. g3 fxe5 21. dxe5
g5 22. Rf1 b6 23. Nd6 Bc8 24. f5 exf5 25. gxf5 Nxe5 26. O-O-O Kb8 27. Rd5 Rd8
28. Nxc8 Kxc8 1-0

[Event "XIV Weekend A"]
[Site "Ivrea ITA"]
[Date "2010.03.20"]
[Round "3"]
[White "Di Chiara, Mauro"]
[Black "Castaldo, Folco"]
[Result "0-1"]
[WhiteElo "1868"]
[BlackElo "2407"]
[PlyCount "66"]
[EventDate "2010.03.19"]

1. d4 e6 2. c4 f5 3. Nf3 Nf6 4. Nc3 Bb4 5. Bf4 O-O 6. e3 Ne4 7. Qc2 b6 8. Bd3
Bb7 9. O-O Bxc3 10. bxc3 d6 11. h3 Nd7 12. Nd2 Nxd2 13. Qxd2 e5 14. Bh2 Qf6 15.
Qc2 a5 16. Rab1 Kh8 17. Rb5 Rae8 18. Rfb1 Qg6 19. f4 Bc6 20. R5b2 exd4 21. exd4
Re3 22. d5 Bb7 23. g4 Qf6 24. Bxf5 Rxc3 25. Qe2 Nc5 26. Kg2 Ba6 27. Qe1 Bxc4
28. Rd2 Bd3 29. Bxd3 Nxd3 30. Qe2 Nxf4+ 31. Bxf4 Qxf4 32. Rd3 Rxd3 33. Qxd3
Qf2+ 0-1

[Event "XIV Weekend A"]
[Site "Ivrea ITA"]
[Date "2010.03.20"]
[Round "3"]
[White "Drago, Paolo"]
[Black "Guglielmi, Nicolo'"]
[Result "0-1"]
[WhiteElo "1585"]
[BlackElo "1928"]
[PlyCount "94"]
[EventDate "2010.03.19"]

1. d4 d5 2. c4 e6 3. Nf3 c6 4. Nc3 a6 5. Bf4 Nf6 6. e3 Bd6 7. Bg5 Nbd7 8. c5
Bc7 9. Bd3 e5 10. Be2 e4 11. Nd2 O-O 12. O-O Qe8 13. b4 Kh8 14. a4 Ng8 15. b5
f5 16. b6 Bb8 17. f3 Ndf6 18. f4 Be6 19. Nb3 h6 20. Bh4 Nh7 21. Bf2 Ngf6 22. g3
g5 23. Rb1 Rg8 24. Kh1 gxf4 25. gxf4 Ng4 26. Bxg4 fxg4 27. Bg3 Bf5 28. Qe1 Nf8
29. Qf2 Ng6 30. Rg1 Qe7 31. Qg2 h5 32. Qf1 Qh7 33. Kg2 h4 34. Bf2 Qh5 35. Qe2
Bxf4 36. Kf1 Bg5 37. h3 Qh6 38. hxg4 Be6 39. Rh1 Raf8 40. Ke1 Rf3 41. Nd2 Rxf2
42. Qxf2 Rf8 43. Qe2 Bxe3 44. Nb3 Rf2 45. Qd1 Qf4 46. Rg1 Rh2 47. Rf1 Qg3+ 0-1

[Event "XIV Weekend A"]
[Site "Ivrea ITA"]
[Date "2010.03.20"]
[Round "3"]
[White "Finocchiaro, Gianluca"]
[Black "Piazza, Giacomo"]
[Result "1-0"]
[WhiteElo "2097"]
[BlackElo "1634"]
[PlyCount "57"]
[EventDate "2010.03.19"]

1. e4 c6 2. d4 g6 3. Nc3 d5 4. e5 Nh6 5. h3 Bg7 6. Nf3 O-O 7. Bd3 Nd7 8. Be3 f5
9. Qd2 e6 10. Bxh6 Bxh6 11. Qxh6 Rf7 12. h4 Qe7 13. O-O-O Nf8 14. h5 b5 15.
hxg6 Nxg6 16. g4 Rg7 17. gxf5 exf5 18. Rdg1 Bd7 19. Nh4 Nxh4 20. Rxg7+ Qxg7 21.
Qxg7+ Kxg7 22. Rxh4 Rf8 23. Ne2 Be8 24. Nf4 Bd7 25. Nh5+ Kg6 26. Nf6 Rf7 27. f4
a5 28. Rh5 Be6 29. Rg5+ 1-0

[Event "XIV Weekend A"]
[Site "Ivrea ITA"]
[Date "2010.03.20"]
[Round "3"]
[White "Gennaro, Isabella"]
[Black "Lucchese, Paolo"]
[Result "0-1"]
[WhiteElo "1633"]
[BlackElo "2024"]
[PlyCount "86"]
[EventDate "2010.03.19"]

1. e4 c5 2. Nf3 d6 3. d4 cxd4 4. Nxd4 Nf6 5. Nc3 a6 6. Bg5 e6 7. Be2 Be7 8. O-O
Nbd7 9. Qd2 Qc7 10. Rad1 b5 11. a3 Bb7 12. f3 h6 13. Bh4 O-O 14. Rfe1 Rfe8 15.
Bg3 Ne5 16. b3 Rec8 17. Na2 Nh5 18. Bf2 Bg5 19. Be3 Bxe3+ 20. Qxe3 Ng6 21. g3
Nf6 22. Rd2 Qc5 23. c4 bxc4 24. Bxc4 d5 25. Bd3 Ne5 26. Kg2 dxe4 27. Bxe4 Nxe4
28. fxe4 Ng4 29. Qd3 Qe7 30. b4 Ne5 31. Qf1 f5 32. Rc1 fxe4 33. Kg1 Rxc1 34.
Qxc1 Rd8 35. Qd1 Rxd4 36. Rxd4 Nf3+ 37. Kf2 Nxd4 38. Qxd4 Qf7+ 39. Ke1 Qf3 40.
a4 e3 41. Qf4 Qh1+ 42. Qf1 Qxh2 43. Nc1 Qd2# 0-1

[Event "XIV Weekend A"]
[Site "Ivrea ITA"]
[Date "2010.03.20"]
[Round "3"]
[White "Giachino, Adriano"]
[Black "Giunto, Stefano"]
[Result "1-0"]
[WhiteElo "1686"]
[BlackElo "1377"]
[PlyCount "105"]
[EventDate "2010.03.19"]

1. e4 e5 2. Bc4 Nf6 3. d4 exd4 4. Nf3 Nc6 5. e5 Ng4 6. Nxd4 Ngxe5 7. Bb3 Qe7 8.
O-O Qh4 9. Nf3 Qf6 10. Re1 Kd8 11. Ng5 h6 12. Ne4 Qf5 13. Nbc3 Ng4 14. h3 Nf6
15. Bxf7 Nxe4 16. Bh5 Qxf2+ 17. Kh1 Ng3+ 18. Kh2 Bd6 19. Bf3 Ne2+ 20. Qxd6 cxd6
21. Rxe2 Qh4 22. Be3 h5 23. Rd1 g5 24. Bf2 Qf4+ 25. Bg3 Qb4 26. Bxd6 Qxb2 27.
Nd5 Ne5 28. Bxe5 Qxe5+ 29. Rxe5 g4 30. Be2 d6 31. Nf6 gxh3 32. Bb5 Kc7 33. Re7+
Kb6 34. a4 hxg2 35. Kxg2 h4 36. Rxd6+ Ka5 37. Re4 b6 38. Nd5 h3+ 39. Kh2 Bb7
40. Bc6 Bxc6 41. Rxc6 Rag8 42. Ne3 Rg7 43. Nc4+ Ka6 44. Ne3 Kb7 45. Rd6 Rh5 46.
c4 Kc7 47. Ree6 Rgg5 48. Nd5+ Kb7 49. Re7+ Ka6 50. Nc7+ Ka5 51. Nd5 Rg2+ 52.
Kh1 h2 53. Rxa7# 1-0

[Event "XIV Weekend A"]
[Site "Ivrea ITA"]
[Date "2010.03.20"]
[Round "3"]
[White "Paonessa, Denis"]
[Black "Giunto, Andrea"]
[Result "1/2-1/2"]
[WhiteElo "1908"]
[BlackElo "1938"]
[PlyCount "34"]
[EventDate "2010.03.19"]

1. d4 Nf6 2. c4 g6 3. Nc3 Bg7 4. e4 d6 5. f4 O-O 6. Nf3 c5 7. d5 Na6 8. Be2 Nc7
9. O-O a6 10. e5 Nfe8 11. Be3 Rb8 12. a4 Bd7 13. Ng5 h6 14. Nf3 b5 15. axb5
axb5 16. b3 b4 17. Ne4 Bf5 1/2-1/2

[Event "XIV Weekend A"]
[Site "Ivrea ITA"]
[Date "2010.03.20"]
[Round "3"]
[White "Raccanello, Ivano"]
[Black "Cirrincione Paze', Paolo"]
[Result "1-0"]
[WhiteElo "1727"]
[BlackElo "1785"]
[PlyCount "63"]
[EventDate "2010.03.19"]

1. d4 f5 2. Bg5 Nf6 3. Nc3 e6 4. e4 fxe4 5. Bxf6 Qxf6 6. Nxe4 Qg6 7. Ng3 Nc6 8.
Bd3 Qf6 9. c3 Be7 10. Qc2 g6 11. O-O-O b6 12. Kb1 Bb7 13. Nf3 Rf8 14. Rhe1 a5
15. Bc4 O-O-O 16. Qd3 Nb8 17. d5 exd5 18. Bxd5 Ba6 19. Bc4 Bb7 20. Bd5 Ba6 21.
Qd2 c6 22. Bb3 d5 23. Ne2 Bc5 24. Ned4 Rde8 25. Qh6 Bxd4 26. Qh3+ Nd7 27. cxd4
Be2 28. Ne5 Bxd1 29. Qxd7+ Kb8 30. Nxc6+ Qxc6 31. Rxe8+ Rxe8 32. Qxc6 1-0

[Event "XIV Weekend A"]
[Site "Ivrea ITA"]
[Date "2010.03.20"]
[Round "4"]
[White "Agostino, Pietro"]
[Black "Bogatto, Mario"]
[Result "0-1"]
[WhiteElo "1576"]
[BlackElo "1451"]
[PlyCount "108"]
[EventDate "2010.03.19"]

1. e4 d6 2. d4 Nf6 3. Nc3 a6 4. h3 g6 5. Nf3 Bg7 6. Bd3 c6 7. Bg5 Nbd7 8. Qd2
h6 9. Be3 Nf8 10. Ne2 Be6 11. Nf4 Qc8 12. Qb4 Qc7 13. Qc3 Bd7 14. Qb3 e6 15.
Rb1 g5 16. Ne2 N8h7 17. c4 O-O 18. Ng3 Rab8 19. e5 dxe5 20. dxe5 Ne8 21. Qc2 f5
22. Bc5 Bxe5 23. Bxf8 Bxg3 24. O-O Nxf8 25. fxg3 Qxg3 26. Rbd1 g4 27. hxg4 Qxg4
28. Ne5 Qd4+ 29. Qf2 Qxe5 30. Rde1 Qg7 31. b4 Nf6 32. Qd4 Ne8 33. Qf2 Nf6 34.
Qh4 Qg5 35. Qh2 Rc8 36. Rf3 Kf7 37. Rg3 Ng4 38. Qh3 h5 39. Be2 Ng6 40. Rd3 Rd8
41. Rd6 Qe3+ 42. Qxe3 Nxe3 43. Bxh5 Nxc4 44. Rdd1 Kf6 45. Rd4 Nge5 46. Be2 b5
47. a4 Ke7 48. Kf2 Be8 49. Rh4 Bg6 50. Bh5 Bxh5 51. Rxh5 Ng4+ 52. Kg1 Kf6 53.
axb5 axb5 54. Ra1 Nce3 0-1

[Event "XIV Weekend A"]
[Site "Ivrea ITA"]
[Date "2010.03.21"]
[Round "4"]
[White "Bellafiore, Enzo"]
[Black "Raccanello, Ivano"]
[Result "1-0"]
[WhiteElo "1827"]
[BlackElo "1727"]
[PlyCount "59"]
[EventDate "2010.03.19"]

1. d4 f5 2. g3 Nf6 3. Bg2 g6 4. Nf3 Bg7 5. c4 d6 6. Nc3 O-O 7. O-O Qe8 8. Bg5
c6 9. Re1 Qf7 10. b3 Ne4 11. Rc1 Na6 12. a3 c5 13. e3 h6 14. Bxe7 Nxc3 15. Rxc3
Qxe7 16. Nh4 Rf6 17. e4 cxd4 18. Rd3 Re6 19. Nxg6 Qe8 20. Nf4 Rxe4 21. Bxe4
fxe4 22. Nd5 Bf5 23. Rf3 Bg4 24. Rf8+ Qxf8 25. Qxg4 Re8 26. f4 exf3 27. Rxe8
Qxe8 28. Nf6+ Kf8 29. Nxe8 Kxe8 30. Qxg7 1-0

[Event "XIV Weekend A"]
[Site "Ivrea ITA"]
[Date "2010.03.21"]
[Round "4"]
[White "Bisi, Samuele"]
[Black "Castaldo, Folco"]
[Result "0-1"]
[WhiteElo "1786"]
[BlackElo "2407"]
[PlyCount "70"]
[EventDate "2010.03.19"]

1. d4 f5 2. Bf4 Nf6 3. e3 d6 4. Nf3 Nc6 5. h3 e6 6. Bd3 Bd7 7. Nbd2 Qe7 8. e4
e5 9. dxe5 dxe5 10. Bg5 f4 11. c3 O-O-O 12. Qc2 h6 13. Bxf6 Qxf6 14. O-O-O Kb8
15. Bc4 Bc5 16. Nb3 Bb6 17. Bd5 Ne7 18. Qe2 Rhe8 19. Nh2 Qh4 20. Rhf1 Qg5 21.
Nf3 Qxg2 22. Nxe5 Bxh3 23. Bf7 Rf8 24. Rg1 Rxd1+ 25. Qxd1 Qxe4 26. Nd7+ Bxd7
27. Qxd7 Qf5 28. Be6 Qf6 29. Rd1 Nc6 30. Qd5 Bxf2 31. Nc5 Bxc5 32. Qxc5 Rd8 33.
Re1 a6 34. Bd5 f3 35. Re6 Qg5+ 0-1

[Event "XIV Weekend A"]
[Site "Ivrea ITA"]
[Date "2010.03.20"]
[Round "4"]
[White "Bosticardo, Tommaso"]
[Black "Drago, Paolo"]
[Result "1-0"]
[WhiteElo "1503"]
[BlackElo "1585"]
[PlyCount "115"]
[EventDate "2010.03.19"]

1. d4 d5 2. c4 e6 3. Nc3 Nf6 4. Bg5 Nbd7 5. e3 Bb4 6. Rc1 c6 7. Nf3 O-O 8. Bd3
Qa5 9. Qb3 Bxc3+ 10. Rxc3 Qc7 11. Bf4 Qd8 12. O-O h6 13. Ne5 Nh5 14. Nxd7 Qxd7
15. Be5 f6 16. Bg3 Nxg3 17. fxg3 f5 18. Qc2 Rf7 19. cxd5 exd5 20. Qf2 Qe7 21.
Bb1 Be6 22. Qc2 Qg5 23. Qf2 Rf6 24. Qf4 Qxf4 25. gxf4 Re8 26. Re1 Bd7 27. Kf2
g5 28. g3 Kf7 29. Rg1 Rg6 30. Rcc1 Kf6 31. Rce1 g4 32. Rc1 h5 33. Rh1 Rh6 34.
Rce1 Reh8 35. Kg2 h4 36. a3 Rc8 37. b4 a6 38. Rc1 b5 39. Bc2 Re8 40. Rce1 a5
41. Bd3 hxg3 42. hxg3 Rxh1 43. Kxh1 axb4 44. axb4 Ra8 45. Bc2 Ra2 46. Re2 Rb2
47. Rh2 Kg6 48. Bxf5+ Bxf5 49. Rxb2 Be6 50. Ra2 Kf5 51. Kg2 Ke4 52. Kf2 Kd3 53.
Ra6 Bd7 54. Ra7 Be8 55. Re7 Bg6 56. Re6 Be4 57. Rxc6 Bf3 58. Rc5 1-0

[Event "XIV Weekend A"]
[Site "Ivrea ITA"]
[Date "2010.03.21"]
[Round "4"]
[White "Castaldo, Antonio"]
[Black "Paonessa, Denis"]
[Result "0-1"]
[WhiteElo "1698"]
[BlackElo "1908"]
[PlyCount "124"]
[EventDate "2010.03.19"]

1. Nf3 f5 2. g3 Nf6 3. Bg2 d6 4. O-O e5 5. d3 Be7 6. Nc3 O-O 7. Bg5 c6 8. e4 f4
9. Qc1 Nh5 10. Bxe7 Qxe7 11. Qd1 Bg4 12. Qe2 Nd7 13. b3 Nc5 14. Nb1 Ne6 15. c3
Rf7 16. Nbd2 Raf8 17. Qe1 fxg3 18. fxg3 Ng5 19. Nxg5 Rxf1+ 20. Nxf1 Qxg5 21.
Qe3 Qxe3+ 22. Nxe3 Be2 23. d4 g6 24. Nc4 Bxc4 25. bxc4 Nf6 26. Rf1 Kf7 27. d5
c5 28. Rb1 b6 29. a4 Rd8 30. Rf1 Ke7 31. Bf3 h5 32. h4 Ng8 33. Kf2 Nh6 34. Ke3
Rf8 35. Rf2 Nf7 36. Bg2 Nd8 37. Rxf8 Kxf8 38. Bf3 Nb7 39. g4 hxg4 40. Bxg4 Kg7
41. Bc8 Na5 42. Ba6 Kh6 43. Kf3 Kh5 44. Kg3 Nb3 45. Bc8 Nd2 46. Bg4+ Kh6 47.
Be2 Nxe4+ 48. Kg4 Nxc3 49. Bd3 Nxa4 50. h5 gxh5+ 51. Kf5 Nb2 52. Bf1 a5 53. Ke6
a4 54. Kxd6 a3 55. Ke7 a2 56. d6 a1=Q 57. d7 Qa7 58. Kd6 Qb8+ 59. Ke7 Qc7 60.
Ke8 Kg7 61. d8=N Kf6 62. Be2 Qe7# 0-1

[Event "XIV Weekend A"]
[Site "Ivrea ITA"]
[Date "2010.03.20"]
[Round "4"]
[White "Cirrincione Paze', Paolo"]
[Black "Giunto, Andrea"]
[Result "1/2-1/2"]
[WhiteElo "1785"]
[BlackElo "1938"]
[PlyCount "35"]
[EventDate "2010.03.19"]

1. d4 Nf6 2. Nf3 g6 3. Nc3 Bg7 4. e4 d6 5. Be3 O-O 6. Qd2 Nbd7 7. Bh6 c5 8.
Bxg7 Kxg7 9. h4 cxd4 10. Nxd4 Ne5 11. f3 h5 12. O-O-O Bd7 13. g4 Kh7 14. gxh5
Nxh5 15. Bh3 Bxh3 16. Rxh3 Nc4 17. Qg5 e6 18. Qxd8 1/2-1/2

[Event "XIV Weekend A"]
[Site "Ivrea ITA"]
[Date "2010.03.21"]
[Round "4"]
[White "Cirrincione, Giansalvo"]
[Black "Caresana, Alessandro"]
[Result "0-1"]
[WhiteElo "1943"]
[BlackElo "1994"]
[PlyCount "90"]
[EventDate "2010.03.19"]

1. d4 d5 2. Bf4 Nf6 3. e3 c5 4. c3 Nc6 5. Nf3 Qb6 6. Qb3 c4 7. Qc2 Bf5 8. Qc1
Nh5 9. Nbd2 e6 10. Be2 Nxf4 11. exf4 Be7 12. Ne5 Nxe5 13. fxe5 h5 14. O-O Qc7
15. Qd1 g6 16. g4 hxg4 17. Bxg4 O-O-O 18. b3 Bxg4 19. Qxg4 f5 20. Qe2 Rh3 21.
f3 Rdh8 22. Rf2 Bg5 23. b4 Bxd2 24. Qxd2 Qh7 25. Kh1 Qh5 26. Raf1 g5 27. Qe2
Qh4 28. Rg1 Qf4 29. Rgf1 R8h4 30. Rg1 Rg3 31. Rxg3 Qxg3 32. Rg2 Qf4 33. Rg1 Rh3
34. Rf1 Kd7 35. a4 a6 36. Qg2 Rh5 37. Qf2 Ke7 38. Qe2 Kf7 39. a5 Kg6 40. Qa2 g4
41. Qg2 Kg5 42. fxg4 Rxh2+ 43. Qxh2 Qxf1+ 44. Qg1 Qh3+ 45. Qh2 Kxg4 0-1

[Event "XIV Weekend A"]
[Site "Ivrea ITA"]
[Date "2010.03.21"]
[Round "4"]
[White "Crepaldi, Marco"]
[Black "Di Chiara, Mauro"]
[Result "0-1"]
[WhiteElo "1874"]
[BlackElo "1868"]
[PlyCount "61"]
[EventDate "2010.03.19"]

1. e4 d6 2. d4 Nf6 3. Nc3 g6 4. f4 Bg7 5. Nf3 O-O 6. Bd3 Na6 7. O-O c5 8. e5
Nd7 9. Be3 cxd4 10. Bxd4 dxe5 11. fxe5 Nac5 12. Bc4 Ne6 13. Bxe6 fxe6 14. Qe2
Nb6 15. Rad1 Nd5 16. Ne4 Bd7 17. Nc5 Nf4 18. Qc4 Bc6 19. Be3 Bd5 20. Qb4 Qb6
21. Qa3 Qc6 22. Nd4 Ne2+ 23. Nxe2 Bxg2 24. Rxf8+ Rxf8 25. Nd4 Qd5 26. c4 Qxc4
27. Kxg2 Bxe5 28. Ne4 Bxd4 29. Rxd4 Qf1+ 30. Kg3 Rf3+ 31. Kg4 0-1

[Event "XIV Weekend A"]
[Site "Ivrea ITA"]
[Date "2010.03.20"]
[Round "4"]
[White "Gennaro, Isabella"]
[Black "Cappa, Enrico"]
[Result "0-1"]
[WhiteElo "1633"]
[BlackElo "1571"]
[PlyCount "76"]
[EventDate "2010.03.19"]

1. e4 e5 2. Nf3 Nf6 3. Nc3 Bb4 4. Bc4 Nc6 5. O-O O-O 6. a3 Bxc3 7. bxc3 d5 8.
Bb5 dxe4 9. Bxc6 bxc6 10. Nxe5 Qd5 11. d4 exd3 12. Nxd3 Bf5 13. Bf4 Ne4 14. Be5
f6 15. Bd4 c5 16. Be3 Nxc3 17. Qf3 Qxf3 18. gxf3 Ne2+ 19. Kh1 Nd4 20. Nxc5 Nxc2
21. Ra2 Nxe3 22. fxe3 Bh3 23. Rc1 Rfd8 24. Rac2 g5 25. Na6 Kh8 26. Rxc7 Rd2 27.
R7c2 Bg2+ 28. Kg1 Rxc2 29. Rxc2 Bxf3 30. Nb4 Rd8 31. Kf2 Be4 32. Rc7 Rd2+ 33.
Ke1 Rxh2 34. Rxa7 h5 35. Rf7 f5 36. a4 Kg8 37. Re7 Rb2 38. Re8+ 38... Kf7 {...}
0-1

[Event "XIV Weekend A"]
[Site "Ivrea ITA"]
[Date "2010.03.20"]
[Round "4"]
[White "Giachino, Adriano"]
[Black "Combina, Alberto"]
[Result "1-0"]
[WhiteElo "1686"]
[BlackElo "1542"]
[PlyCount "75"]
[EventDate "2010.03.19"]

1. e4 c6 2. d4 d5 3. e5 c5 4. c3 Bf5 5. dxc5 e6 6. Be3 Nc6 7. Nf3 Bg4 8. Be2
Qc7 9. Qa4 Nge7 10. Qxg4 Nxe5 11. Qa4+ N7c6 12. Bf4 f6 13. O-O Bxc5 14. Bb5 Bd6
15. Nd4 Ke7 16. Bxe5 Bxe5 17. Nxc6+ bxc6 18. Bxc6 Bxh2+ 19. Kh1 Rab8 20. Nd2
Bd6 21. Nf3 Rxb2 22. Rae1 Kf7 23. Nd4 Be5 24. Bd7 Rb6 25. f4 Bxd4 26. cxd4 Rd8
27. Bb5 Rdb8 28. Bd3 Rb4 29. Qd1 g6 30. f5 exf5 31. Bc2 Rb2 32. Bb3 Qg3 33.
Bxd5+ Kg7 34. Re7+ Kh6 35. Qc1+ g5 36. Re3 Qg4 37. Rh3+ Kg6 38. Qc7 1-0

[Event "XIV Weekend A"]
[Site "Ivrea ITA"]
[Date "2010.03.20"]
[Round "4"]
[White "Giunto, Stefano"]
[Black "Tricerri, Pierino"]
[Result "0-1"]
[WhiteElo "1377"]
[BlackElo "1521"]
[PlyCount "94"]
[EventDate "2010.03.19"]

1. e4 c5 2. Nf3 Nc6 3. Bb5 Qc7 4. c4 Nb4 5. Qe2 Nc2+ 6. Kd1 Nxa1 7. Nc3 e6 8.
d3 Bd6 9. e5 Bf8 10. Bf4 Ne7 11. Kd2 Ng6 12. Qe3 Be7 13. Rxa1 O-O 14. Qe4 b6
15. Qxa8 Bb7 16. Qxa7 Ra8 17. Qxa8+ Bxa8 18. Bg3 Bxf3 19. gxf3 Nxe5 20. Re1 Bd6
21. f4 Nf3+ 22. Kd1 Nxe1 23. Kxe1 Bxf4 24. Bxf4 Qxf4 25. Bxd7 Qc1+ 26. Nd1 Qc2
27. a4 Qxd3 28. Bb5 Qe4+ 29. Kf1 Qh1+ 30. Ke2 Qxh2 31. b4 h5 32. bxc5 Qe5+ 33.
Ne3 Qxc5 34. Ng2 g5 35. f4 f6 36. fxg5 fxg5 37. Kf3 Qf5+ 38. Kg3 h4+ 39. Kh2 h3
40. Ne3 Qf2+ 41. Kxh3 Qxe3+ 42. Kg4 Qf4+ 43. Kh3 g4+ 44. Kg2 Qf3+ 45. Kg1 g3
46. c5 Qf2+ 47. Kh1 Qh2# 0-1

[Event "XIV Weekend A"]
[Site "Ivrea ITA"]
[Date "2010.03.21"]
[Round "4"]
[White "Guglielmi, Nicolo'"]
[Black "Finocchiaro, Gianluca"]
[Result "1-0"]
[WhiteElo "1928"]
[BlackElo "2097"]
[PlyCount "57"]
[EventDate "2010.03.19"]

1. d4 c5 2. d5 Nf6 3. c4 b5 4. b3 d6 5. Nd2 g6 6. Qc2 Bg7 7. Rb1 O-O 8. f3 Qa5
9. e4 Na6 10. a3 bxc4 11. Bxc4 Rb8 12. Ne2 Nd7 13. O-O Ne5 14. Kh1 Qd8 15. h3
Nc7 16. f4 Nxc4 17. bxc4 Bd7 18. Bb2 Rxb2 19. Rxb2 Bxb2 20. Qxb2 Qb8 21. Rb1
Qxb2 22. Rxb2 Na6 23. Rb7 Bc8 24. Rxe7 f5 25. e5 Nb8 26. e6 a5 27. Nc3 Rd8 28.
Nb5 Ba6 29. Nc7 {...} 1-0

[Event "XIV Weekend A"]
[Site "Ivrea ITA"]
[Date "2010.03.20"]
[Round "4"]
[White "Liviabella, Lucio"]
[Black "Bisi, Riccardo"]
[Result "1-0"]
[WhiteElo "1716"]
[BlackElo "1476"]
[PlyCount "77"]
[EventDate "2010.03.19"]

1. e4 e5 2. Bc4 Bc5 3. Qe2 d6 4. Nc3 Nc6 5. h3 Nd4 6. Qd3 Qf6 7. Nf3 Ne7 8. Na4
Be6 9. Bxe6 fxe6 10. Nxc5 dxc5 11. Nxd4 exd4 12. Qb5+ c6 13. Qxc5 O-O 14. O-O
b6 15. Qh5 c5 16. d3 h6 17. Bd2 Ng6 18. f4 Ne7 19. Rf3 Nc6 20. Rg3 Kh8 21. Rf1
Rf7 22. c3 Raf8 23. Rff3 Kh7 24. e5 Qf5 25. Rg5 g6 26. Qh4 Qxg5 27. fxg5 h5 28.
Qe4 Rxf3 29. gxf3 Rc8 30. Qf4 Rc7 31. Qf8 Nxe5 32. Kg2 Rf7 33. Qd6 Nxf3 34.
Qxe6 Kg7 35. Bc1 Nh4+ 36. Kh2 Nf5 37. Bf4 Ne3 38. Be5+ Kg8 39. Qxg6+ 1-0

[Event "XIV Weekend A"]
[Site "Ivrea ITA"]
[Date "2010.03.21"]
[Round "4"]
[White "Lucchese, Paolo"]
[Black "Bonino, Matteo"]
[Result "1-0"]
[WhiteElo "2024"]
[BlackElo "1729"]
[PlyCount "61"]
[EventDate "2010.03.19"]

1. e4 e6 2. d4 d5 3. Nc3 Bb4 4. e5 c5 5. a3 Bxc3+ 6. bxc3 Ne7 7. Nf3 Nbc6 8. h4
Bd7 9. Rb1 Qc7 10. Be2 Rc8 11. h5 cxd4 12. cxd4 Na5 13. Bd3 Ba4 14. Bd2 Nc4 15.
Bb4 Nxa3 16. Bxa3 Qc3+ 17. Ke2 Qxa3 18. Rxb7 Nc6 19. Qa1 Qxa1 20. Rxa1 Bxc2 21.
Bxc2 O-O 22. h6 Nd8 23. Rb2 Ra8 24. hxg7 Kxg7 25. Ng5 Nc6 26. Ke3 h6 27. Nh7
Rfc8 28. Nf6 a5 29. Nd7 Nb4 30. Bd3 Rc3 31. Rxb4 1-0

[Event "XIV Weekend A"]
[Site "Ivrea ITA"]
[Date "2010.03.20"]
[Round "5"]
[White "Bisi, Riccardo"]
[Black "Gennaro, Isabella"]
[Result "1-0"]
[WhiteElo "1476"]
[BlackElo "1633"]
[PlyCount "79"]
[EventDate "2010.03.19"]

1. e4 c5 2. Nf3 Nc6 3. Bc4 Nf6 4. Nc3 g6 5. d3 Bg7 6. Be3 d6 7. h3 O-O 8. Qd2
Re8 9. O-O e5 10. Ng5 Nd4 11. Nxf7 Qb6 12. Nxd6+ Re6 13. Bxe6+ Bxe6 14. Nc4
Bxc4 15. dxc4 Rd8 16. Nd5 Qa6 17. Nxf6+ Bxf6 18. Bxd4 Rxd4 19. Qc3 Rxc4 20. Qb3
Kg7 21. f3 Rb4 22. Qd5 Rxb2 23. Qxc5 Rxa2 24. Rxa2 Qxa2 25. Qc7+ Qf7 26. Qxf7+
Kxf7 27. f4 Ke6 28. fxe5 Bxe5 29. Kf2 b6 30. Rb1 Kd7 31. Ke3 Kc6 32. c4 Kc5 33.
Rb5+ Kd6 34. Kd3 h5 35. Rd5+ Ke6 36. c5 bxc5 37. Rxc5 Bd6 38. Ra5 Bb8 39. Kd4
Bh2 40. Ra6+ 1-0

[Event "XIV Weekend A"]
[Site "Ivrea ITA"]
[Date "2010.03.20"]
[Round "5"]
[White "Bogatto, Mario"]
[Black "Bosticardo, Tommaso"]
[Result "1/2-1/2"]
[WhiteElo "1451"]
[BlackElo "1503"]
[PlyCount "42"]
[EventDate "2010.03.19"]

1. e4 e5 2. Nf3 Nc6 3. Bb5 Nf6 4. Bxc6 dxc6 5. d3 Bd6 6. h3 h6 7. Be3 Be6 8.
O-O O-O 9. Nbd2 Re8 10. Nb3 Bxb3 11. cxb3 Bb4 12. Rc1 Qd7 13. a3 Bf8 14. Rc3
Rad8 15. Qc2 a6 16. Rd1 Qc8 17. Bc5 Bxc5 18. Rxc5 Nd7 19. Rc3 Nf6 20. Rc5 Nd7
21. Rc3 Nf6 1/2-1/2

[Event "XIV Weekend A"]
[Site "Ivrea ITA"]
[Date "2010.03.20"]
[Round "5"]
[White "Cappa, Enrico"]
[Black "Cirrincione Paze', Paolo"]
[Result "0-1"]
[WhiteElo "1571"]
[BlackElo "1785"]
[PlyCount "104"]
[EventDate "2010.03.19"]

1. e4 c5 2. Bc4 d6 3. Qe2 Nc6 4. c3 e6 5. Nf3 Nge7 6. d4 cxd4 7. cxd4 d5 8.
exd5 Nxd5 9. O-O g6 10. Rd1 Bg7 11. Ne5 O-O 12. f4 Qb6 13. Qf2 Nce7 14. Nc3 Rd8
15. g4 Qb4 16. a3 Qb6 17. h4 Nxc3 18. bxc3 Qc7 19. Qe2 b5 20. Nxf7 Kxf7 21.
Bxb5 Qxc3 22. Bb2 Qg3+ 23. Qg2 Qxg2+ 24. Kxg2 Bb7+ 25. Kg3 Rac8 26. Rac1 Rxc1
27. Rxc1 Rc8 28. Re1 Rc2 29. Bc1 Bxd4 30. Be3 Rc3 31. Kf2 Bxe3+ 32. Rxe3 Rxe3
33. Kxe3 Nd5+ 34. Kd4 Nxf4 35. Ke5 Ng2 36. h5 gxh5 37. gxh5 Bf3 38. Bd7 Bd5 39.
Kd6 Nf4 40. Kc7 a6 41. Kb6 Bc4 42. Bc8 e5 43. Bb7 Nxh5 44. a4 Nf6 45. Kc5 Bf1
46. a5 h5 47. Kb6 e4 48. Bxa6 Bxa6 49. Kxa6 e3 50. Kb7 e2 51. a6 e1=Q 52. a7
Qe7+ 0-1

[Event "XIV Weekend A"]
[Site "Ivrea ITA"]
[Date "2010.03.20"]
[Round "5"]
[White "Caresana, Alessandro"]
[Black "Guglielmi, Nicolo'"]
[Result "1-0"]
[WhiteElo "1994"]
[BlackElo "1928"]
[PlyCount "41"]
[EventDate "2010.03.19"]

1. d4 d5 2. Nf3 c6 3. Bf4 Nd7 4. e3 Ngf6 5. Bd3 e6 6. Nbd2 Be7 7. Ne5 O-O 8.
Qf3 c5 9. c3 Re8 10. Qh3 g6 11. g4 Nf8 12. Qg2 Bd7 13. h4 Qb6 14. h5 Bb5 15.
hxg6 fxg6 16. g5 Bxd3 17. gxf6 Qxb2 18. f7+ Kh8 19. Nxd3 Qxa1+ 20. Ke2 Qxa2 21.
Be5+ 1-0

[Event "XIV Weekend A"]
[Site "Ivrea ITA"]
[Date "2010.03.21"]
[Round "5"]
[White "Castaldo, Folco"]
[Black "Bellafiore, Enzo"]
[Result "1-0"]
[WhiteElo "2407"]
[BlackElo "1827"]
[PlyCount "65"]
[EventDate "2010.03.19"]

1. e4 Nf6 2. Nc3 d5 3. e5 d4 4. exf6 dxc3 5. fxg7 cxd2+ 6. Qxd2 Qxd2+ 7. Bxd2
Bxg7 8. O-O-O Nc6 9. Ne2 Bd7 10. Nf4 O-O-O 11. h4 Rhg8 12. Bd3 e5 13. Ne2 f5
14. Bg5 Rde8 15. Ng3 h6 16. Bd2 e4 17. Bc4 Rgf8 18. Nh5 Bd4 19. Rhf1 e3 20.
fxe3 Bxe3 21. Nf4 Bxd2+ 22. Rxd2 Ne5 23. Bd5 Ng4 24. Bxb7+ Kxb7 25. Rxd7 Kc6
26. Rd4 Re4 27. Rd3 Rfe8 28. g3 Re1+ 29. Rxe1 Rxe1+ 30. Kd2 Rg1 31. Ne2 Rg2 32.
Rf3 Rf2 33. Rxf2 1-0

[Event "XIV Weekend A"]
[Site "Ivrea ITA"]
[Date "2010.03.20"]
[Round "5"]
[White "Combina, Alberto"]
[Black "Drago, Paolo"]
[Result "0-1"]
[WhiteElo "1542"]
[BlackElo "1585"]
[PlyCount "128"]
[EventDate "2010.03.19"]

1. d4 d5 2. Bf4 e6 3. Nf3 Nf6 4. e3 Bd6 5. Bg3 c6 6. c3 Qc7 7. Bd3 Nbd7 8. Ne5
Nxe5 9. dxe5 Bxe5 10. Nd2 Bd6 11. Qe2 e5 12. e4 Be6 13. Nf3 Bg4 14. exd5 Bxf3
15. Qxf3 cxd5 16. Bb5+ Ke7 17. Bh4 Qc5 18. Ba4 h6 19. Bxf6+ gxf6 20. Rd1 d4 21.
Qxb7+ Bc7 22. cxd4 exd4 23. Qe4+ Be5 24. f4 Qb4+ 25. Rd2 Qxa4 26. fxe5 Rhe8 27.
Qxd4 Qxd4 28. Rxd4 fxe5 29. Re4 f6 30. Kf2 Rab8 31. b3 Rbc8 32. Rhe1 Ke6 33.
Ra4 Re7 34. Ra6+ Kf7 35. Rd1 Kg7 36. Rdd6 Rf8 37. h4 h5 38. b4 f5 39. Rg6+ Kh7
40. Rh6+ Kg7 41. Rag6+ Kf7 42. Rh7+ Ke8 43. Rxh5 e4 44. Rgg5 f4 45. Re5 e3+ 46.
Ke2 Kd8 47. Rxe7 Kxe7 48. Rh7+ Ke6 49. Rxa7 Rg8 50. Ra6+ Ke5 51. Ra5+ Ke4 52.
Rg5 Rd8 53. Rg4 Rd2+ 54. Ke1 Rxa2 55. Rg8 Rb2 56. Re8+ Kd3 57. Rd8+ Ke4 58. h5
Rxg2 59. Kf1 f3 60. Re8+ Kf4 61. Rf8+ Kg3 62. h6 e2+ 63. Ke1 Rg1+ 64. Kd2 e1=Q+
0-1